000 01807nam0a2200373 4500
001 RU\NLR\bibl\957413
005 20260406145105.0
010 _a5-17-032662-9
_bАСТ
010 _a5-9713-1158-1
_bАСТ Москва
010 _a5-9578-2989-7
_bТранзиткнига
021 _aRU
_b2006-20280
_91014
035 _a(nilc)RSL-KNO-002871399
035 _a(NLR Aleph) 000945470
090 _a246551
_c246551
100 _a20060424d2006 |||y0rusy50 ca
101 1 _arus
_ceng
102 _aRU
105 _ay |||||||||
106 _ar
200 1 _aКорона мечей
_dA crown of swords
_e[фантастический роман]
_fРоберт Джордан
_g[пер. с англ. Б. Жужунавы]
210 _aМосква
_cАСТ
_cТранзиткнига
_d2006
_eН.Новгород
_gНижполиграф
215 _a828, [3] с.
_cил.
_d22
225 1 _aБиблиотека фантастики
510 0 _aA crown of swords
610 0 _aФилологические науки. Художественная литература -- США -- Американская литература -- с 1945 г. -- Произведения художественной литературы -- Художественная проза -- Романы. Повести. Рассказы -- Фантастические и мистические романы, повести, рассказы. Романы ужасов
686 _aШ5(7США)62-644.5
_2rubbk
686 _aШ6(7США)67-445{Лх1979-62}
700 1 _4070
_8rus
_7ca
_aДжордан
_bР.
_gРоберт
_f1948-2007
_3RU\NLR\auth\774472
_9114452
801 0 _aRU
_bРКП
_c20060424
801 1 _aRU
_bРГБ
_c20060424
801 2 _aRU
_bNLR
_c20060607
_grcr
942 _cBOOK
980 _aNB